000
00261nmm a2200085Ia 4500
008
220120s9999||||xx |||||||||||||||||und||
100
_a
Schilling, Robert, J and Harris, Sandra, L
245
0
_a
Fundamentals of digital signal processing using matlab
260
_c
2005
999
_c
139427
_d
139427